Tratados apologéticos / (Record no. 176363)

MARC details
000 -LEADER
campo de control de longitud fija 01329nam a2200313 4500
001 - NÚMERO DE CONTROL
campo de control 176363
003 - IDENTIFICADOR DE NÚMERO DE CONTROL
campo de control ES-MaACL
005 - FECHA Y HORA DE LA ÚLTIMA TRANSACCIÓN
campo de control 20250821063107.0
008 - DATOS DE LONGITUD FIJA--INFORMACIÓN GENERAL
campo de control de longitud fija 110111s2009 sp | |||||||| | spa d
020 ## - NÚMERO INTERNACIONAL ESTÁNDAR DEL LIBRO
Número Internacional Estándar del Libro 978-84-7914-967-3
080 ## - NÚMERO DE LA CLASIFICACIÓN DECIMAL UNIVERSAL
Número de la Clasificación Decimal Universal 239(02)"03"
100 0# - ENTRADA PRINCIPAL--NOMBRE DE PERSONA
Nombre de persona Jerónimo,
Títulos y otros términos asociados al nombre Santo
9 (RLIN) 66343
245 10 - MENCIÓN DEL TÍTULO
Título Tratados apologéticos /
Mención de responsabilidad, etc. San Jerónimo ; texto latino, traducción, introducción, notas e índices, Manuel-Antonio Marcos Casquero, Mónica Marcos Celestino.
260 ## - PUBLICACIÓN, DISTRIBUCIÓN, ETC.
Lugar de publicación, distribución, etc. Madrid :
Nombre del editor, distribuidor, etc. Biblioteca de Autores Cristianos,
Fecha de publicación, distribución, etc. 2009.
300 ## - DESCRIPCIÓN FÍSICA
Extensión CXXXI, 1034 p. ;
Dimensiones 20 cm.
490 1# - MENCIÓN DE SERIE
Mención de serie Obras completas de San Jerónimo ;
Designación de volumen o secuencia 8
490 1# - MENCIÓN DE SERIE
Mención de serie B.A.C. ;
Designación de volumen o secuencia 685
504 ## - NOTA DE BIBLIOGRAFÍA, ETC.
Nota de bibliografía, etc. Bibliografía: p. CXIII-CXXIII. Índices.
505 8# - NOTA DE CONTENIDO CON FORMATO
Nota de contenido con formato Altercatio luciferiani et orthodoxi ; Adversus Helvidium ; Adversus Iovinianum ; Contra Vigilantium ; Contra Iohannenm Hierosolymitanum ; Adversus Rufinum ; Adversus Pelagianos
546 ## - NOTA DE IDIOMA
Nota de lengua/lenguaje Texto en español y latín.
650 04 - PUNTO DE ACCESO ADICIONAL DE MATERIA--TÉRMINO DE MATERIA
Término de materia o nombre geográfico como elemento de entrada Apologética-
Subdivisión de forma Obras anteriores a 1800.
9 (RLIN) 9922
700 1# - ENTRADA AGREGADA--NOMBRE PERSONAL
Nombre de persona Marcos Casquero, Manuel Antonio.
9 (RLIN) 76523
700 0# - ENTRADA AGREGADA--NOMBRE PERSONAL
Nombre de persona Marcos Celestino, Mónica.
9 (RLIN) 76524
830 0# - PUNTO DE ACCESO ADICIONAL DE SERIE-TÍTULO UNIFORME
Título uniforme Obras completas de San Jerónimo ;
Designación de volumen o secuencia 8
9 (RLIN) 183043
830 0# - PUNTO DE ACCESO ADICIONAL DE SERIE-TÍTULO UNIFORME
Título uniforme B.A.C. ;
Designación de volumen o secuencia 685
9 (RLIN) 190010
852 ## - LOCALIZACIÓN
Ubicación ES-MaACL
Número de control de estantería J-673
Holdings
Estatus retirado Estado de pérdida Estado de daño No para préstamo Biblioteca de origen Biblioteca actual Ubicación en estantería Fecha de adquisición Fuente de adquisición Total de préstamos Signatura topográfica completa Código de barras Visto por última vez Precio de reemplazo Tipo de ítem Koha
        Biblioteca del Ateneo de Madrid Biblioteca del Ateneo de Madrid Depósito 2 11/01/2011     J-673 1185221 23/02/2023 23/02/2023 Libro impreso